000 01039nac a22003137a 4500
001 BR8202053
003 BR-BrBNA
005 20240105115302.0
008 230509b bl.|||m| |||| 00| 0 por d
040 _aBR-BrBNA
_bpor
_cBiblioteca Nacional de Agricultura
072 _aE30
090 _aE30 BR8202053
110 1 _aSecretaria de Estado da Agricultura, Vitoria, ES (Brasil)
_98853
245 1 _aRelatorio de atividades. 3. ano de atividades no setor agricola. 1981 [Secretaria de Estado da Agricultura, Espirito Santo, Brasil]
260 3 _aVitoria, ES (Brasil):
_c1982.
300 _a24 p.
490 _aRelatorio - Secretaria de Estado da Agricultura (Brazil)
_v
_x
500 _a11 illus.
650 _aDESENVOLVIMENTO AGRICOLA
650 _aASSISTENCIA TECNICA
650 _aARMAZENAGEM
650 _aINSUMO
650 _aMECANIZACAO AGRICOLA
650 _aRECURSO NATURAL
650 _aPOLITICA AGRICOLA
650 _aESPIRITO SANTO
909 _a202312
_bLúcia Elande
_c55
_dLúcia Elande
942 _2AGRIS
_n0
_cMS
999 _c274077
_d274077